Deník farářky /
Zápisy farářky o její službě Církvi československé husitské, které se odvíjejí v rytmu církevního roku a zprostředkovávají její zážitky od bohoslužeb až po setkání s papežem Františkem.
Uloženo v:
| Hlavní autor: | |
|---|---|
| Další autoři: | , , |
| Médium: | E-audiokniha |
| Jazyk: | Czech |
| Vydáno: |
Praha :
Voxi,
[2021]
|
| Témata: | |
| Tagy: |
Žádné tagy |
| LEADER | 08899nim a2201909 i 4500 | ||
|---|---|---|---|
| 001 | 313125 | ||
| 003 | CZ PrSKC | ||
| 005 | 20260601215736.0 | ||
| 007 | sd fungnnmmned | ||
| 008 | 220113t20212021xr nnnng af n cze | ||
| 015 | |a cnb003391393 | ||
| 024 | 3 | |a 8594050432727 | |
| 040 | |a ABA001 |b cze |e rda | ||
| 043 | |a e-xr--- | ||
| 045 | |a y1y2 | ||
| 072 | 7 | |a 27 |x Křesťanství. Křesťanská církev všeobecně. Eklesiologie |2 Konspekt | |
| 072 | 7 | |a 929 |x Biografie |2 Konspekt | |
| 080 | |a 27-726.3-055.2 |2 MRF | ||
| 080 | |a 271/279 |2 MRF | ||
| 080 | |a 27-733 |2 MRF | ||
| 080 | |a 27-46 |2 MRF | ||
| 080 | |a 910.4 |2 MRF | ||
| 080 | |a 316.64 |2 MRF | ||
| 080 | |a 279.228-528 |2 MRF | ||
| 080 | |a 27-564 |2 MRF | ||
| 080 | |a 27-4 |2 MRF | ||
| 080 | |a 27-675 |2 MRF | ||
| 080 | |a 316.728 |2 MRF | ||
| 080 | |a 929 |2 MRF | ||
| 080 | |a (437.3) |2 MRF | ||
| 080 | |a (100) |2 MRF | ||
| 080 | |a (093.3) |2 MRF | ||
| 080 | |a (0.034.2)004.774.6 |2 MRF | ||
| 080 | |a (0:82-4) |2 MRF | ||
| 080 | |a (086.7)08 |2 MRF | ||
| 080 | |a (086.76) |2 MRF | ||
| 100 | 1 | |a Kopecká, Martina Viktorie, |d 1986- |7 mzk2015896104 |4 aut |4 nrt | |
| 245 | 1 | 0 | |a Deník farářky / |c Martina Viktorie Kopecká |
| 264 | 1 | |a Praha : |b Voxi, |c [2021] | |
| 264 | 4 | |c ©2021 | |
| 300 | |a 1 audiodisk (6 hod., 42 min.) ; |c 12 cm | ||
| 306 | |a 064200 | ||
| 336 | |a mluvené slovo |b spw |2 rdacontent | ||
| 337 | |a audio |b s |2 rdamedia | ||
| 338 | |a audiodisk |b sd |2 rdacarrier | ||
| 344 | |a digital |b optical |2 rda | ||
| 347 | |a audio soubor |b MP3 |2 rda | ||
| 500 | |a Název z disku | ||
| 500 | |a Copyright Albatros Media | ||
| 508 | |a Režie Tomáš Harant | ||
| 511 | 0 | |a Čtou Tereza Kostková, Martina Viktorie Kopecká a Marek Polanecký | |
| 520 | 2 | |a Zápisy farářky o její službě Církvi československé husitské, které se odvíjejí v rytmu církevního roku a zprostředkovávají její zážitky od bohoslužeb až po setkání s papežem Františkem. | |
| 600 | 1 | 7 | |a Kopecká, Martina Viktorie, |d 1986- |7 mzk2015896104 |2 czenas |
| 610 | 2 | 7 | |a Církev československá husitská |7 kn20010710457 |2 czenas |
| 648 | 7 | |a 21. století |7 ch460559 |2 czenas | |
| 648 | 4 | |a 2019-2021 | |
| 650 | 0 | 7 | |a farářky |7 ph305412 |z Česko |y 21. století |2 czenas |
| 650 | 0 | 7 | |a křesťanské církve |7 ph122117 |z Česko |y 21. století |2 czenas |
| 650 | 0 | 7 | |a služby v církvi |7 ph119301 |z Česko |y 21. století |2 czenas |
| 650 | 0 | 7 | |a pastorace |7 ph123988 |z Česko |y 21. století |2 czenas |
| 650 | 0 | 7 | |a cesty a pobyt |7 ph137578 |z země světa |2 czenas |
| 650 | 0 | 7 | |a názory a postoje |7 ph137634 |2 czenas |
| 650 | 0 | 7 | |a husitská liturgie |7 ph335401 |z Česko |y 21. století |2 czenas |
| 650 | 0 | 7 | |a církevní rok |7 ph114290 |2 czenas |
| 650 | 0 | 7 | |a církevní život |7 ph119306 |z Česko |y 21. století |2 czenas |
| 650 | 0 | 7 | |a ekumenismus |7 ph119842 |y 21. století |2 czenas |
| 650 | 0 | 7 | |a každodenní život |7 ph121555 |y 21. století |2 czenas |
| 655 | 7 | |a deníky |7 fd132006 |2 czenas | |
| 655 | 7 | |a blogy |7 fd376279 |2 czenas | |
| 655 | 7 | |a úvahy |7 fd134000 |2 czenas | |
| 655 | 7 | |a audioknihy |7 fd119452 |2 czenas | |
| 655 | 7 | |a kompaktní disky |7 fd201991 |2 czenas | |
| 700 | 1 | |a Harant, Tomáš |7 xx0154002 |4 drt | |
| 700 | 1 | |a Kostková, Tereza, |d 1976- |7 xx0034492 |4 nrt | |
| 700 | 1 | |a Polanecký, Marek |4 nrt | |
| 900 | |a ABA001 |b 18 | ||
| 044 | |a xr | ||
| 505 | 0 | 0 | |t Prolog (4 min., 37 sek.) |
| 505 | 0 | 0 | |t 1. kapitola Advent - První adventní neděle, 2. prosince (1 min., 49 sek.) |
| 505 | 0 | 0 | |t Pondělí, 3. prosince (0 min., 51 sek.) |
| 505 | 0 | 0 | |t Mikulášská, středa, 5. prosince (2 min., 50 sek.) |
| 505 | 0 | 0 | |t Sobota, 8. prosince (9 min., 19 sek.) |
| 505 | 0 | 0 | |t Úterý, 11. prosince (4 min., 19 sek.) |
| 505 | 0 | 0 | |t Středa, 12. prosince, pozvání do Všechnopárty! (0 min., 56 sek.) |
| 505 | 0 | 0 | |t Pátek, 14. prosince (2 min., 58 sek.) |
| 505 | 0 | 0 | |t TEDx Woman Prague (7 min., 59 sek.) |
| 505 | 0 | 0 | |t 2. kapitola - Pár dní před Vánocemi (4 min., 31 sek.) |
| 505 | 0 | 0 | |t Pondělí, 24. prosince (2 min., 3 sek.) |
| 505 | 0 | 0 | |t Kázání vánoční vigilie v pravou půlnoc (7 min., 11 sek.) |
| 505 | 0 | 0 | |t Středa, 26. prosince, New York (7 min., 3 sek.) |
| 505 | 0 | 0 | |t Neděle, 30. prosince (4 min., 47 sek.) |
| 505 | 0 | 0 | |t Pondělí, 31. prosince (1 min., 24 sek.) |
| 505 | 0 | 0 | |t Pátek, 4. ledna (2 min., 23 sek.) |
| 505 | 0 | 0 | |t Neděle, 6. ledna (2 min., 11 sek.) |
| 505 | 0 | 0 | |t 3. kapitola Zimní liturgické mezidobí - Čtvrtek, 10. ledna (2 min., 30 sek.) |
| 505 | 0 | 0 | |t Pátek, 11. ledna (1 min., 58 sek.) |
| 505 | 0 | 0 | |t Pondělí, 14. ledna (0 min., 48 sek.) |
| 505 | 0 | 0 | |t Pátek, 25. ledna (4 min., 29 sek.) |
| 505 | 0 | 0 | |t Bylo, je a bude. Třikrát o životodárné jednotě v mnohosti (7 min., 17 sek.) |
| 505 | 0 | 0 | |t Pondělí, 28. ledna, Budapešť (7 min., 39 sek.) |
| 505 | 0 | 0 | |t Úterý, 29. ledna, Budapešť (2 min., 13 sek.) |
| 505 | 0 | 0 | |t Středa, 13. února - Křestní list ukrytý pod vanou (7 min., 58 sek.) |
| 505 | 0 | 0 | |t Pondělí, 18. února (4 min., 19 sek.) |
| 505 | 0 | 0 | |t Úterý, 26. února (4 min., 30 sek.) |
| 505 | 0 | 0 | |t Čtvrtek, 28. února (8 min., 27 sek.) |
| 505 | 0 | 0 | |t 4. kapitola Postní čas - Pátek, 1. března (4 min., 7 sek.) |
| 505 | 0 | 0 | |t Popeleční středa, 6. března (6 min., 16 sek.) |
| 505 | 0 | 0 | |t Pátek, 8. března - Divadelní hra o přáních (6 min., 10 sek.) |
| 505 | 0 | 0 | |t Pondělí, 11. března (9 min., 46 sek.) |
| 505 | 0 | 0 | |t Úterý, 12. března (4 min., 51 sek.) |
| 505 | 0 | 0 | |t Zpátky do budoucnosti, únor a březen 2020 (1 min., 11 sek.) |
| 505 | 0 | 0 | |t Generální audience u papeže Františka (5 min., 8 sek.) |
| 505 | 0 | 0 | |t Popeleční středa v Římě (2 min., 17 sek.) |
| 505 | 0 | 0 | |t Vzpomínky na Čínu, zima 2016 (13 min., 21 sek.) |
| 505 | 0 | 0 | |t Láska za časů korony, březen 2020 (1 min., 49 sek.) |
| 505 | 0 | 0 | |t Středa, 25. března 2020, v České republice je vyhlášen stav nouze spojený s karanténou (2 min., 29 sek.) |
| 505 | 0 | 0 | |t 5. kapitola Velikonoce (13 min., 43 sek.) |
| 505 | 0 | 0 | |t FOKUS Václava Moravce (2 min., 42 sek.) |
| 505 | 0 | 0 | |t Rok poté, březen 2021 (5 min., 48 sek.) |
| 505 | 0 | 0 | |t Óda na vodu, 1. dubna (5 min., 20 sek.) |
| 505 | 0 | 0 | |t Zelený čtvrtek, 18. dubna (10 min., 48 sek.) |
| 505 | 0 | 0 | |t Fuck up night (1 min., 48 sek.) |
| 505 | 0 | 0 | |t Hod Boží velkonoční, neděle, 21. dubna (7 min., 55 sek.) |
| 505 | 0 | 0 | |t Středa, 1. května (8 min., 32 sek.) |
| 505 | 0 | 0 | |t Neděle, 5. května (0 min., 38 sek.) |
| 505 | 0 | 0 | |t Úterý, 21. května (9 min., 3 sek.) |
| 505 | 0 | 0 | |t Den země - Kázání v Akademické farnosti v kostele Nejsvětějšího Salvátora (13 min., 45 sek.) |
| 505 | 0 | 0 | |t Pátek, 31. května (3 min., 35 sek.) |
| 505 | 0 | 0 | |t 6. Kapitola Svatodušní doba a letní liturgické mezidobí -Čtvrtek, 6. června (3 min., 35 sek.) |
| 505 | 0 | 0 | |t Rozhovor v magazínu zLoun (6 min., 31 sek.) |
| 505 | 0 | 0 | |t Hod Boží svatodušní, neděle, 9. června (2 min., 29 sek.) |
| 505 | 0 | 0 | |t Svatodušní pondělí, 10. června (3 min., 56 sek.) |
| 505 | 0 | 0 | |t Sobota, 15. června (5 min., 42 sek.) |
| 505 | 0 | 0 | |t Ruce spojené štolou (0 min., 34 sek.) |
| 505 | 0 | 0 | |t Prstýnky (0 min., 25 sek.) |
| 505 | 0 | 0 | |t Pití z kalicha (0 min., 27 sek.) |
| 505 | 0 | 0 | |t Políbení pokoje (2 min., 33 sek.) |
| 505 | 0 | 0 | |t Středa, 19. června (4 min., 37 sek.) |
| 505 | 0 | 0 | |t Čtvrtek, 20. června - Bože můj a Freude! (11 min., 24 sek.) |
| 505 | 0 | 0 | |t Pondělí, 24. června (3 min., 51 sek.) |
| 505 | 0 | 0 | |t Ženeva (6 min., 12 sek.) |
| 505 | 0 | 0 | |t Čtvrtek, 4. července - Kristova léta (1 min., 16 sek.) |
| 505 | 0 | 0 | |t Rohovor pro Novinky.cz (10 min., 35 sek.) |
| 505 | 0 | 0 | |t Sobota, 20. července (2 min., 45 sek.) |
| 505 | 0 | 0 | |t Středa, 21. srpna (5 min., 13 sek.) |
| 505 | 0 | 0 | |t 7. kapitola Než příjde nový advent - Neděle, 1. září (1 min., 17 sek.) |
| 505 | 0 | 0 | |t Pondělí, 9. září - Isztváne, pamatuješ si mě?! (2 min., 37 sek.) |
| 505 | 0 | 0 | |t inter- (0 min., 55 sek.) |
| 505 | 0 | 0 | |t -mezzo (1 min., 31 sek.) |
| 505 | 0 | 0 | |t Úterý, 10. září - Oko za ok. A strach má velké oči! (2 min., 5 sek.) |
| 505 | 0 | 0 | |t Rozhovor (8 min., 48 sek.) |
| 505 | 0 | 0 | |t Sobota, 14. září (6 min., 24 sek.) |
| 505 | 0 | 0 | |t Středa, 18. září (9 min., 12 sek.) |
| 505 | 0 | 0 | |t Sobota, 21. září (7 min., 3 sek.) |
| 505 | 0 | 0 | |t Čtvrtek, 31.října (10 min., 25 sek.) |
| 505 | 0 | 0 | |t Sobota, 2. listopadu - Ve světle svíce (3 min., 19 sek.) |
| 505 | 0 | 0 | |t Pondělí, 4. listopadu (3 min., 1 sek.) |
| 505 | 0 | 0 | |t Neděle, 17. listopadu (9 min., 19 sek.) |
| 505 | 0 | 0 | |t Epilog (3 min., 15 sek.) |
| 910 | |a RBIT002 | ||
| 998 | |d 357808 |a https://core.palmknihy.cz/api/books/357808/cover?sobuss |b https://core.palmknihy.cz/api/books/357808/cover/400?sobuss |c https://core.palmknihy.cz/api/books/357808/cover/50?sobuss |e 2031-12-31 |i 8594050432727 |l 24120 |q 49 |r 1 |s https://www.palmknihy.cz/kniha/357808 |t audiobook |y 2021 |z 0 | ||
| 999 | |d 313123 | ||